Высоковольтный рельсовый разрядник тригатронного типа; Приборы и техника эксперимента; № 2

Détails bibliographiques
Parent link:Приборы и техника эксперимента/ Академия наук СССР.— , 1956-
№ 2.— 1989.— С. 127-133
Auteur principal: Капишников Н. К.
Langue:russe
Publié: 1989
Sujets:
Format: Chapitre de livre
KOHA link:https://koha.lib.tpu.ru/cgi-bin/koha/opac-detail.pl?biblionumber=488542

MARC

LEADER 00000naa2a2200000 4500
001 488542
005 20231101095321.0
035 |a (RuTPU)RU\TPU\prd\157373 
035 |a RU\TPU\prd\86076 
090 |a 488542 
100 |a 20121030a1989 k y0rusy50 ca 
101 0 |a rus 
102 |a RU 
200 1 |a Высоковольтный рельсовый разрядник тригатронного типа  |f Н. К. Капишников 
461 1 |0 (RuTPU)RU\TPU\prd\300  |t Приборы и техника эксперимента  |f Академия наук СССР  |d 1956- 
463 1 |0 (RuTPU)RU\TPU\prd\40258  |t № 2  |v С. 127-133  |d 1989 
610 1 |a высоковольтные рельсовые разрядники 
610 1 |a тригатронные типы 
610 1 |a труды учёных ТПУ 
700 1 |a Капишников  |b Н. К. 
801 1 |a RU  |b 63413507  |c 20050620  |g PSBO 
801 2 |a RU  |b 63413507  |c 20121030  |g PSBO 
942 |c BK